Coordinating Committee/ (Record no. 172982)

MARC details
000 -LEADER
fixed length control field 00698nam a22002417a 4500
005 - DATE AND TIME OF LATEST TRANSACTION
control field 20200224121152.0
010 ## - LCCN (DPL NO)
LC control number ENG-127769
020 ## - INTERNATIONAL STANDARD BOOK NUMBER
Terms of availability 170.00
International Standard Book Number 9788181804754
035 ## - SYSTEM CONTROL NUMBER
System control number EN-111301
037 ## - SOURCE OF ACQUISITION
Source of stock number/acquisition DBAD/PUB
082 ## - DEWEY DECIMAL CLASSIFICATION NUMBER
Classification number 336
100 ## - MAIN ENTRY--PERSONAL NAME
Personal name Goud,S.Limba
245 ## - TITLE STATEMENT
Title Coordinating Committee/
Statement of responsibility, etc by S.Limba Goud ...[etal.]; edited by N.Vijaya
260 ## - PUBLICATION, DISTRIBUTION, ETC. (IMPRINT)
Place of publication, distribution, etc Hyderabad
Date of publication, distribution, etc 2018
Name of publisher, distributor, etc Telugu Akademi
270 ## - ADDRESS
Address Telugu Akademi Himayatnagar Hyderabad
Postal code 500029
City Hyderabad
Electronic mail address info@teluguacademy.net
300 ## - PHYSICAL DESCRIPTION
Extent 433p.
Other physical details 24(pbk)
700 ## - ADDED ENTRY--PERSONAL NAME
Personal name Babu Rao
700 ## - ADDED ENTRY--PERSONAL NAME
Personal name M.Erragattu Swamy
700 ## - ADDED ENTRY--PERSONAL NAME
Personal name K.Padmalatha
700 ## - ADDED ENTRY--PERSONAL NAME
Personal name M.Bhagyalaxmi
700 ## - ADDED ENTRY--PERSONAL NAME
Personal name N.Vijaya
942 ## - ADDED ENTRY ELEMENTS (KOHA)
Source of classification or shelving scheme Dewey Decimal Classification
Item type English Books
Classification part GOU
Call number prefix 336
Holdings
Withdrawn status Lost status Not for loan Collection code Home library Current library Date acquired Source of acquisition Cost, normal purchase price Full call number Barcode Copy number Cost, replacement price Koha item type
      Non-fiction Central Library Central Library 17/02/2020 DBAD/PUB 170.00 GOU EN-111301 1 170.00 English Books

© Delhi Public Library
Hit Counter
free hit counter